000 00561nam a2200193Ia 4500
003 OSt
005 20251211122454.0
008 220917b |||||||| |||| 00| 0 eng d
037 _cTB
040 _aARTS
_cARTS
_beng
041 _2eng
_aeng
084 _aU5.21 M5
_qAL
100 _aPaul, R K
_994870
245 0 _aSouth Panchala:
_b a study in historical and cultural geography
260 _aKanpur, India:
_bsahitya Niketan,
_c1985.
650 _aGEOPOLITICS
_940978
942 _hU5.235.G M5
_cTB
_2CC
_n0
999 _c213226
_d213226